00648 2200229 4500001002100000005001700021008004100038020001800079035002400097040001200121082001600133084001800149100001500167245010200182250001100284260003100295300002300326650002000349700001900369850001200388990001800400INLIS00000000001878520170320092402.0  a979-963-975-1 0010-031600000000795 aYOPDYOG 223a899.221 a899.221 Kad P aKADIR WONG aPupu-lherb: Dari generasi pecel lele sampai pemulung cintac/ Kadir Wong ; editor A.S. Sudjatna. aCet. 1 aYogyakartabEkspresic2009 a146 hlm.c; 20 cm. aHumor Indonesia aSudjatna, A.S. aYOPDYOG a50919-PD/A.16